Vyhláška o sociálnej odkázanosti

Úplné znenie a výklad vyhlášky MPSVR SR z 20. októbra 1993 o sociálnej odkázanosti občanov SR.

Salvato in:
Dettagli Bibliografici
Natura: Capitolo di libro
Lingua:slovacco
Soggetti:
Tags: Aggiungi Tag
Nessun Tag, puoi essere il primo ad aggiungerne!!

MARC

LEADER 00000naa a2200000 4500
001 r014701
005 20221213123200.0
041 0 |a slo 
044 |a SK 
245 1 0 |a Vyhláška o sociálnej odkázanosti 
520 |a Úplné znenie a výklad vyhlášky MPSVR SR z 20. októbra 1993 o sociálnej odkázanosti občanov SR. 
610 2 0 |a vyhlášky 
610 2 0 |a MPSVR SR Bratislava 
610 2 0 |a október 
610 2 0 |a 1993 
610 2 0 |a minimum existenčné 
610 2 0 |a starostlivosť sociálna 
610 2 0 |a pomoc sociálna